Literatur als Kulturpolitik: Alexander von Guttrys „Polnische Bibliotheken“ (1916-1939)
| Titel: | Literatur als Kulturpolitik: Alexander von Guttrys „Polnische Bibliotheken“ (1916-1939) / Paweł Zajas |
|---|---|
| Verfasser: | |
| In: |
Zeitschrift für slavische Philologie, Band 75, Heft 2 (2019), Seite 401-428 alle Artikel anzeigen |
| Veröffentlicht: | 2019 |
| Format: | Aufsatz |
| Sprache: | Deutsch |
X
alg: 51223144 001A $03025:11-10-23 001B $01999:16-10-23 $t23:43:59.000 001D $03025:11-10-23 001U $0utf8 001X $00 002@ $0Oou 002C $aText $btxt $2rdacontent 002D $aComputermedien $bc $2rdamedia 002E $aOnline-Ressource $bcr $2rdacarrier 003@ $0512231443 007A $0512231443 $aHEB 009Q $uhttps://www.jstor.org/stable/45238884 $xH 010@ $ager 010E $erda 011@ $a2019 021A $aLiteratur als Kulturpolitik: Alexander von Guttrys „Polnische Bibliotheken“ (1916-1939) $hPaweł Zajas 028A $BVerfasser $4aut $71149086416 $8Zajas, Paweł$Z1976- [Tp3] $9424073773 031A $d75 $e2 $h401-428 $j2019 039B $aEnthalten in $8--Obvc--. Zeitschrift für slavische Philologie. - Heidelberg : Winter, 1925-. - Online-Ressource. - ISSN 2509-7482 $x201900000750002599 $9359201768 044K $RPowa, Irene $#Guttry, Aleksander von $#Guttry, Alexander v. $#Guttry, Alexander de $#Guttry, Alexander $#Guttry, Aleksander $#Guttry, Aleksander von $#Von Guttry, Aleksander $#Guttry, A. v. $#Guttry, A. $#Guttry $7101455402 $8Guttry, Alexander$cvon$Z1887-1955 [Tp1] $913722253X 044K $RKongresspolen $RWestgalizien $#Generalgouvernement Polen $#Polska $#Rzeczpospolita Polska $#Polska Rzeczpospolita Ludowa $#Poland $#Pologne $#République Polonaise $#Generalne Gubernatorstwo w Polsce $#Polish People's Republic $#Polska Rzeczpospolita Polen $#PRL $#RP $#Polen Generalgouvernement $#Polska Generalgouvernement $#Besetzte Polnische Gebiete $#Besetztes Gebiet in Polen $#Okupowane Polskie Obszary $#Obszary Okupowane w Polsce $#Volksrepublik Polen $#Polska Rosyjska $#Republic Polen $#Respublika Pol'ša $#Pol'skaja Narodnaja Respublika $#République de Pologne $#Polen Links der Weichsel $#Polska po Lewej Stronie Wisły $#Lenkija $#Polija $#Gubernija Carstva Pol'skago $#Republik Polen $74046496-9 $8Polen [Tg1] $9085129801 044K $RBuch $RSchriftsteller $#Literature $#Littérature $#Letteratura $#Literatura $#literature $#Literature $#Literatur $#Literatur $#Belletristik $#Dichtung Literatur $#Schöne Literatur $#Sprachkunst $#Wortkunst $74035964-5 $8Literatur [Tsz] $9085097128 044K $RKulturarbeit $#Cultural policy $#Politique culturelle $#Política cultural $#Kulturpolitik $#Kulturpolitik $74033581-1 $8Kulturpolitik [Ts1] $9085089702 045F $a809 $eDDC23BSB 045F/01 $a809 045F/03 $f0904 045F/03 $g438 045T $aSLAW $qDE-1a $2FID lok: 51223144 78 exp: 51223144 78 1 #EPN 201B/01 $011-10-23 $t13:42:34.000 201C/01 $011-10-23 201U/01 $0utf8 203@/01 $01244753157 208@/01 $a11-10-23 $be 209A/01 $a/ $f000 $x00 209A/01 $ab*p $x01 220C/01 $apgar 244Z/01 $#Generalgouvernement Polen $#Polska $#Rzeczpospolita Polska $#Polska Rzeczpospolita Ludowa $#Poland $#Pologne $#République Polonaise $#Generalne Gubernatorstwo w Polsce $#Polish People's Republic $#Polska Rzeczpospolita Polen $#PRL $#RP $#Polen Generalgouvernement $#Polska Generalgouvernement $#Besetzte Polnische Gebiete $#Besetztes Gebiet in Polen $#Okupowane Polskie Obszary $#Obszary Okupowane w Polsce $#Volksrepublik Polen $#Polska Rosyjska $#Republic Polen $#Respublika Pol'ša $#Pol'skaja Narodnaja Respublika $#République de Pologne $#Polen Links der Weichsel $#Polska po Lewej Stronie Wisły $#Lenkija $#Polija $#Gubernija Carstva Pol'skago $#Republik Polen $74046496-9 $8--Tg1--Polen $x01 $9085129801 247C/01 $82080>Marburg/Lahn, Herder-Institut, Forschungsbibliothek, Bibliographieportal $9336309341
| LEADER | 00000caa a2200000 c 4500 | ||
|---|---|---|---|
| 001 | 512231443 | ||
| 003 | DE-603 | ||
| 005 | 20231016234359.0 | ||
| 007 | cr|||||||||||| | ||
| 008 | 231011s2019 xx |||| o| u00||u|ger c | ||
| 035 | |a (DE-599)HEB512231443 | ||
| 040 | |a DE-603 |b ger |c DE-603 |d DE-603 |e rda | ||
| 041 | |a ger | ||
| 082 | 0 | 4 | |8 1\u |a 809 |q DE-101 |2 23/BSB |
| 084 | |a SLAW |q DE-1a |2 fid | ||
| 085 | |8 1\u |b 809 | ||
| 085 | |8 1\u |z 1 |s 0904 | ||
| 085 | |8 1\u |z 2 |s 438 | ||
| 100 | 1 | |a Zajas, Paweł |d 1976- |e Verfasser |4 aut |0 (DE-603)424073773 |0 (DE-588)1149086416 |2 gnd | |
| 245 | 0 | 0 | |a Literatur als Kulturpolitik: Alexander von Guttrys „Polnische Bibliotheken“ (1916-1939) |c Paweł Zajas |
| 264 | 0 | |c 2019 | |
| 336 | |a Text |b txt |2 rdacontent | ||
| 337 | |a Computermedien |b c |2 rdamedia | ||
| 338 | |a Online-Ressource |b cr |2 rdacarrier | ||
| 600 | 1 | 7 | |a Guttry, Alexander von |d 1887-1955 |0 (DE-588)101455402 |0 (DE-603)13722253X |2 gnd |
| 650 | 7 | |a Literatur |0 (DE-588)4035964-5 |0 (DE-603)085097128 |2 gnd | |
| 650 | 7 | |a Kulturpolitik |0 (DE-588)4033581-1 |0 (DE-603)085089702 |2 gnd | |
| 651 | 7 | |a Polen |0 (DE-588)4046496-9 |0 (DE-603)085129801 |2 gnd | |
| 773 | 0 | 8 | |i Enthalten in |t Zeitschrift für slavische Philologie |d Heidelberg : Winter, 1925- |h Online-Ressource |x 2509-7482 |g Band 75, Heft 2 (2019), Seite 401-428 |w (DE-603)359201768 |w (DE-600)2821808-5 |
| 856 | |u https://www.jstor.org/stable/45238884 |x Verlag | ||
| 924 | 1 | |9 2080 |a (DE-603)1244753157 |b DE-2080 |c HES |d d |g / | |


